| 000 | 01062nam a22002777a 4500 | ||
|---|---|---|---|
| 001 | 06418 | ||
| 003 | HDC | ||
| 007 | cr bn ---aaaaa | ||
| 008 | 210123b20092009xxu||||| |||| 00| 0 eng d | ||
| 020 | _a9781420082227 | ||
| 040 | _aHDC | ||
| 100 |
_aAgrawal, Sudesh _eauthor _96830 |
||
| 245 | 0 |
_aPotential Nutraceutical Ingredients from Plant Origin _c/ Sudesh Agrawal and Amitabha Chakrabarti |
|
| 260 |
_aUnited States: _bCRC Press, _c2009 |
||
| 300 | _a1 online resource (42 pages) | ||
| 336 |
_atext _2rdacontent |
||
| 337 |
_acomputer _2rdamedia |
||
| 338 |
_aonline resource _2rdacarrier |
||
| 500 |
_aOriginally from: Handbook of Nutraceutical, 2009 (pages 27-68) _aIncludes bibliographical references |
||
| 650 |
_aNutritional Physiological Phenomena _96831 |
||
| 700 |
_aChakrabarti, Amitabha _ejoint author _96832 |
||
| 856 | _zRequest full-text at [email protected] | ||
| 942 | _2lcc | ||
| 942 | _cCHAP | ||
| 942 | _kEBCH 004262 | ||
| 999 |
_c3742 _d3742 |
||